Organisation des services des Parlaments des Etats membres de la Communautée européenne
Salvato in:
| Ente Autore: | |
|---|---|
| Natura: | testo |
| Pubblicazione: |
Luxemburgo:
Parlement Européen
|
| Tags: |
Aggiungi Tag
Nessun Tag, puoi essere il primo ad aggiungerne!!
|
MARC
| LEADER | 00000 a a2200000 04500 | ||
|---|---|---|---|
| 001 | 24982 | ||
| 003 | |||
| 040 | |a CRAI/IIS |c CRAI/IIS | ||
| 020 | |a 92-823-0078-1 | ||
| 090 | |a 179000 | ||
| 110 | |a Parlement Europeen | ||
| 245 | |a Organisation des services des Parlaments des Etats membres de la Communautée européenne | ||
| 260 | |a Luxemburgo: |b Parlement Européen | ||
| 300 | |a 141 p. |b **no definido** | ||
| 999 | |c 3688 |d 3688 | ||



